00493nam a2200181Ia 4500008004100000040001900041041001200060082002400072100001900096245004700115260002700162300002400189440003300213504001900246650000800265700002000273850001800293131103s9999 xx 000 0 und d aLoreto College aEnglish a740/MACbLCBED/7183 aMaclean, Colin aLooking at picturescColin & Moira Maclean aLondonbPurnellc[19?] a93p.b ill.c 27cm. aPurnell library of knowledge aIncludes index aArt aMaclean, Moira  aLCBED/740/MAC